A voice out of Egypt : (Record no. 22407)
[ view plain ]
| 000 -LEADER | |
|---|---|
| fixed length control field | 00701cam a22002292 4500 |
| 001 - CONTROL NUMBER | |
| control field | 22407 |
| 003 - CONTROL NUMBER IDENTIFIER | |
| rucl marc code | BD-RjUL |
| 005 - DATE AND TIME OF LATEST TRANSACTION | |
| control field | 20211209000813.0 |
| 008 - FIXED-LENGTH DATA ELEMENTS--GENERAL INFORMATION | |
| fixed length control field | 140308s1935 enkaf 000 0 eng d |
| 035 ## - SYSTEM CONTROL NUMBER | |
| System control number | (BD-RjUL)22472 |
| 040 ## - CATALOGING SOURCE | |
| Original cataloging agency | LDL |
| Transcribing agency | LDL |
| Modifying agency | BD-RjUL |
| Language of cataloging | eng |
| 041 ## - LANGUAGE CODE | |
| Language code of text/sound track or separate title | eng |
| 082 ## - DEWEY DECIMAL CLASSIFICATION NUMBER | |
| Classification number | 916.2 |
| Author mark and year | RAV 1935 |
| 090 ## - LOCALLY ASSIGNED LC-TYPE CALL NUMBER (OCLC); LOCAL CALL NUMBER (OCLC) | |
| Classification number (OCLC) (R) ; Classification number, CALL (RLIN) (NR) | BF1999 |
| Local cutter number (OCLC) ; Book number/undivided call number, CALL (RLIN) | .R362 1935x |
| 100 1# - MAIN ENTRY--PERSONAL NAME | |
| Personal name | Randall-Stevens, H. C. |
| 9 (RLIN) | 69187 |
| 245 12 - TITLE STATEMENT | |
| Title | A voice out of Egypt : |
| Remainder of title | an adventure in clair-audience / |
| Statement of responsibility, etc. | told by Hugh C. Randall-Stevens. |
| 260 ## - PUBLICATION, DISTRIBUTION, ETC. (IMPRINT) | |
| Place of publication, distribution, etc. | London : |
| Name of publisher, distributor, etc. | F. Mott, |
| Date of publication, distribution, etc. | 1935. |
| 300 ## - PHYSICAL DESCRIPTION | |
| Pagination | 200 p., [4] leaves of plates : |
| Illustrations | ill. ; |
| Size | 23 cm. |
| 650 #0 - SUBJECT ADDED ENTRY--TOPICAL TERM | |
| Topical term or geographic name as entry element | Spiritualism. |
| 9 (RLIN) | 69188 |
| 942 ## - ADDED ENTRY ELEMENTS (KOHA) | |
| Source of classification or shelving scheme | Dewey Decimal Classification |
| Koha item type | Books |
| Lost status | Source of classification or shelving scheme | Damaged status | Not for loan | Collection code | Permanent Location | Current Location | Shelving location | Date acquired | Source of acquisition | Cost, normal purchase price | Total Checkouts | Full call number | Date last seen | Copy number | Koha item type |
|---|---|---|---|---|---|---|---|---|---|---|---|---|---|---|---|
| Dewey Decimal Classification | Added to bundle | Non-fiction | Central Library, University of Rajshahi | Central Library, University of Rajshahi | Reading Room | 07/11/1960 | Dhaka, Qureshi | 7.03 | 916.2 RAV 1935 | 08/03/2014 | C-1 | Books |